Informačný systém pre archiváciu a propagáciu vojenských objektov podľa modelu CIDOC
Gespeichert in:
| 1. Verfasser: | |
|---|---|
| Weitere Verfasser: | |
| Format: | Manuskript Buch |
| Sprache: | Slowakisch |
| Veröffentlicht: |
Bratislava :
STU v Bratislave FIIT,
2010
|
| Schlagworte: | |
| Online-Zugang: | VAIS |
| Tags: |
Keine Tags, Fügen Sie das erste Tag hinzu!
|
MARC
| LEADER | 00000ntm a22000003a 4500 | ||
|---|---|---|---|
| 001 | stu232492 | ||
| 005 | 20180605105420.9 | ||
| 008 | 110730s2010----xo------------------slo-d | ||
| 040 | |a STU |b slo | ||
| 041 | 0 | |a slo | |
| 044 | |a xo | ||
| 100 | 1 | |a Bakiča, Marián, |d 1987- |4 aut |u I200 |U FIIT Fakulta informatiky a informačných technológií |T FIIT Ústav informatiky a softvérového inžinierstva |X 23160 |U I200 |Y 179 |7 A000023160 | |
| 242 | 0 | 0 | |a Information system for military objects archivation and propagation, according to CIDOC conceptual reference model |y eng |
| 245 | 1 | |a Informačný systém pre archiváciu a propagáciu vojenských objektov podľa modelu CIDOC | |
| 260 | |a Bratislava : |b STU v Bratislave FIIT, |c 2010 | ||
| 650 | 7 | |a information system |2 estusub | |
| 650 | 7 | |a database |2 estusub | |
| 650 | 7 | |a databáza |2 stusub | |
| 650 | 7 | |a informačný systém |2 stusub | |
| 650 | 7 | |a informačné systémy |2 stusub | |
| 650 | 7 | |a Information Systems |2 estusub | |
| 700 | 1 | |a Kapustík, Ivan, |d 1965- |4 ths |u I200 |U FIIT Fakulta informatiky a informačných technológií |T FIIT Ústav informatiky a softvérového inžinierstva |X 111 |U I200 |Y 179 |7 111 | |
| 856 | 4 | |a info a plný text |u http://is.stuba.sk/zp/portal_zp.pl?podrobnosti=57206 |3 VAIS | |
| 996 | |c I*DP3/10 |l II680 |s P |a 0 |w stu232492_0001 | ||